Central Library OPAC University of Rajshahi

Pakistan : (Record no. 27486)

MARC details
000 -LEADER
fixed length control field 00668nam a22002412a 4500
001 - CONTROL NUMBER
control field 27486
003 - CONTROL NUMBER IDENTIFIER
rucl marc code BD-RjUL
005 - DATE AND TIME OF LATEST TRANSACTION
control field 20211209051148.0
008 - FIXED-LENGTH DATA ELEMENTS--GENERAL INFORMATION
fixed length control field 140325r19691968p 000 0 eng d
035 ## - SYSTEM CONTROL NUMBER
System control number (BD-RjUL)27560
040 ## - CATALOGING SOURCE
Original cataloging agency WBU
Transcribing agency WBU
Modifying agency UKM
-- BD-RjUL
-- EQO
Language of cataloging eng
041 ## - LANGUAGE CODE
Language code of text/sound track or separate title eng
082 00 - DEWEY DECIMAL CLASSIFICATION NUMBER
Classification number 954.9
Edition number 18
Author mark and year FEP 1968
090 ## - LOCALLY ASSIGNED LC-TYPE CALL NUMBER (OCLC); LOCAL CALL NUMBER (OCLC)
Classification number (OCLC) (R) ; Classification number, CALL (RLIN) (NR) DS377
Local cutter number (OCLC) ; Book number/undivided call number, CALL (RLIN) .F312P15 1968
100 1# - MAIN ENTRY--PERSONAL NAME
Personal name Feldman, Herbert.
9 (RLIN) 67558
245 00 - TITLE STATEMENT
Title Pakistan :
Remainder of title an introduction /
250 ## - EDITION STATEMENT
Edition statement 2nd ed.
260 ## - PUBLICATION, DISTRIBUTION, ETC. (IMPRINT)
Place of publication, distribution, etc. Lahore :
Name of publisher, distributor, etc. Oxford University Press,
Date of publication, distribution, etc. 1968 [reprint 1969]
300 ## - PHYSICAL DESCRIPTION
Pagination 143 p. :
Illustrations ill. ;
Size 23 cm
504 ## - BIBLIOGRAPHY, ETC. NOTE
Bibliography, etc Bibliography: p. 137-143
651 #0 - SUBJECT ADDED ENTRY--GEOGRAPHIC NAME
Geographic name Pakistan
9 (RLIN) 84441
942 ## - ADDED ENTRY ELEMENTS (KOHA)
Source of classification or shelving scheme Dewey Decimal Classification
Koha item type Books
Holdings
Lost status Source of classification or shelving scheme Damaged status Not for loan Collection code Permanent Location Current Location Shelving location Date acquired Source of acquisition Cost, normal purchase price Total Checkouts Full call number Date last seen Copy number Koha item type
  Dewey Decimal Classification     Non-fiction Central Library, University of Rajshahi Central Library, University of Rajshahi   01/07/1974 O. U. P press 7.00   954.9 FEP 1969 25/03/2014 C-3 Books
  Dewey Decimal Classification   Not For Loan Non-fiction Central Library, University of Rajshahi Central Library, University of Rajshahi Reading Room 09/12/2021 Oxford university press 7.00   954.9 FEP 1969 06/05/2017 C-1 Books